[Event "Druzynowe Mistrzostwa Polski - II liga"]
[Site "Dom Wczasowy VIS Jastrzebia Gora"]
[Date "1899-12-30"]
[Round "3.133"]
[White "Walentukiewicz, Michal"]
[Black "Wloch, Mikolaj"]
[Result "1-0"]
[WhiteTitle "CM"]
[BlackTitle "I"]
[WhiteElo "2097"]
[BlackElo "1822"]

1. e4 c5 2. Nc3 Nc6 3. g3 g6 4. Bg2 Bg7 5. d3 e6 6. Be3 b6 7. Qd2 Nge7 8. Bh6 Bxh6
9. Qxh6 Ng8 10. Qd2 Ba6 11. Nf3 Qc7 12. d4 cxd4 13. Nxd4 Nxd4 14. Qxd4 f6 15.
O-O-O O-O-O 16. Qa4 Qb7 17. Rd6 Ne7 18. Rhd1 Nc6 19. e5 fxe5 20. Rxc6+ dxc6 21.
Bxc6 Rxd1+ 22. Nxd1 Qc7 23. Qxa6+ Kb8 24. Be4 Rd8 25. Qe2 Qc5 26. Bd3 Rf8 27.
Ne3 Qc6 28. Ng4 Qd5 29. Nxe5 Kc7 30. f4 Qxa2 31. Qe4 Qd5 32. Qxd5 exd5 33. h4
Kd6 34. Kd2 a5 35. Ke3 Ra8 36. h5 gxh5 37. Bxh7 Ke6 38. Bg6 Rh8 39. Kd4 h4 40.
f5+ Ke7 41. gxh4 Rxh4+ 42. Kxd5 Rh2 43. Nc4 Kf6 44. Ne3 Re2 45. Kd4 Rd2+ 46. Kc3
Rd6 47. Be8 Kg5 48. Nc4 Rd8 49. Bg6 Rc8 50. Kb3 Rc6 51. c3 Kf6 52. Ne3 Rc5 53.
Nc2 Rb5+ 54. Ka2 Re5 55. Nd4 Rc5 56. Be8 Ke7 57. Ba4 Kf6 58. Bb3 Ke7 59. Be6 Kf6
60. Nc2 Ke7 61. Ne3 Rb5 62. Nd5+ Kd6 63. c4 Rc5 64. Nxb6 Kc6 1-0

[Event "Druzynowe Mistrzostwa Polski - II liga"]
[Site "Dom Wczasowy VIS Jastrzebia Gora"]
[Date "1899-12-30"]
[Round "3.134"]
[White "Olszewski, Marek"]
[Black "Bienias, Piotr"]
[Result "0-1"]
[WhiteTitle "k+"]
[BlackTitle "I++"]
[WhiteElo "1980"]
[BlackElo "1957"]

1. e4 c5 2. Nf3 Nc6 3. Bb5 Nf6 4. Bxc6 dxc6 5. d3 Bg4 6. h3 Bh5 7. Nbd2 Nd7 8.
Nf1 f6 9. Ng3 Bf7 10. O-O e5 11. Nh2 Qc7 12. f4 c4 13. Be3 cxd3 14. cxd3 Rd8 15.
Qc2 exf4 16. Bxf4 Qb6+ 17. Kh1 Bc5 18. Nf3 O-O 19. Nf5 Rfe8 20. b3 Nf8 21. Rad1
Ne6 22. Bh2 Bg6 23. g4 Rd7 24. Qc4 Kh8 25. e5 Bf7 26. exf6 gxf6 27. Qc3 Nd4 28.
Bg1 Bd5 29. Bxd4 Bxd4 30. Qd2 Re3 31. Nxe3 Bxe3 32. Qb2 Bd4 33. Qe2 Qc7 34. Qe8+
Kg7 35. Rde1 Rf7 36. Kg2 f5 37. g5 Qf4 38. Re7 Qxg5+ 39. Kh2 Rxe7 0-1

[Event "Druzynowe Mistrzostwa Polski - II liga"]
[Site "Dom Wczasowy VIS Jastrzebia Gora"]
[Date "1899-12-30"]
[Round "3.135"]
[White "Antoniewicz, Jakub"]
[Black "Wisniewski, Jaroslaw"]
[Result "1/2-1/2"]
[WhiteTitle "I"]
[BlackTitle "I"]
[WhiteElo "1928"]
[BlackElo "1829"]

1. d4 g6 2. Nc3 Bg7 3. Bf4 d6 4. e4 a6 5. h4 h6 6. Be2 b5 7. Nf3 Bb7 8. a3 Nd7
9. O-O e6 10. Re1 Ne7 11. Qd2 Rc8 12. Rad1 Kf8 13. Bf1 Kg8 14. a4 b4 15. Na2 a5
16. c3 bxc3 17. Nxc3 d5 18. Bd3 c5 19. Nb5 dxe4 20. Bxe4 Bxe4 21. Rxe4 cxd4 22.
Nbxd4 Nc5 23. Nf5 Qxd2 24. Nxe7+ Kh7 25. Nxd2 Nxe4 26. Nxc8 Nxd2 27. Bxd2 Rxc8
28. Bxa5 Bxb2 29. Bd8 Ra8 30. Rd2 Be5 31. a5 Bc3 32. Rd7 Kg7 33. g3 Bxa5 34. Bxa5
Rxa5 35. Kg2 Ra2 36. Rb7 g5 37. hxg5 hxg5 38. Rb5 Kg6 39. Rc5 g4 40. Rc4 f5 41.
Rc6 Kf6 42. Rb6 Rc2 43. Ra6 Ke5 44. Ra4 Kd5 45. Ra5+ Rc5 46. Ra4 e5 47. Rb4 Ra5
48. Rb2 f4 49. gxf4 exf4 50. Rd2+ Ke5 51. Re2+ Kf5 52. Rb2 Rd5 53. Ra2 Kg5 54.
Ra8 Kf5 55. Rf8+ Ke4 56. Re8+ Re5 57. Rg8 Kf5 58. Rf8+ Kg5 59. Rg8+ Kh4 60. Rh8+
Rh5 61. Rg8 Rh6 62. f3 1/2-1/2

[Event "Druzynowe Mistrzostwa Polski - II liga"]
[Site "Dom Wczasowy VIS Jastrzebia Gora"]
[Date "1899-12-30"]
[Round "3.136"]
[White "Szybowicz, Piotr"]
[Black "Jankowski, Aleksander"]
[Result "1-0"]
[WhiteTitle "I++"]
[BlackTitle "I"]
[WhiteElo "1904"]
[BlackElo "1734"]

1. e4 c5 2. c3 d5 3. e5 Nc6 4. d4 e6 5. Nf3 Bd7 6. Be2 Nge7 7. O-O Nf5 8. Na3 Be7
9. Nc2 Qb6 10. a3 Qb3 11. Ne3 Qxd1 12. Rxd1 Nxe3 13. Bxe3 cxd4 14. cxd4 h6 15.
Nd2 O-O 16. b4 Rfc8 17. Nb3 Nd8 18. Rdc1 Kf8 19. Kf1 Ke8 20. Bd3 Rxc1+ 21. Rxc1
Rc8 22. Rxc8 Bxc8 23. Ke2 Bd7 24. f4 h5 25. g3 g6 26. h3 b6 27. g4 hxg4 28. hxg4
Ba4 29. Bc2 Nc6 30. Kd2 Nb8 31. Kc3 Nc6 32. Bd3 Bxb3 33. Kxb3 Kd7 34. Ka4 Kc7
35. f5 gxf5 36. gxf5 Bh4 37. f6 Kb7 38. b5 Nd8 39. Be2 Kc8 40. Kb3 Kd7 41. Bh5
Be1 42. a4 Ke8 43. Bc1 Nb7 44. Be2 Na5+ 45. Kc2 Bb4 46. Bd3 Be1 47. Be2 Bb4 48.
Be3 Be1 49. Bf4 Bb4 50. Be3 Kf8 51. Bf4 Ke8 52. Bc1 Kf8 53. Kd3 Ke8 54. Bh5 Kf8
55. Bd1 Ke8 56. Bc2 Kf8 57. Bb1 Ke8 58. Bc2 Kf8 59. Ke3 Ke8 60. Kf4 Kf8 61. Kg5
Kg8 62. Bb2 Bd2+ 63. Kg4 Nc4 64. Ba1 Ne3+ 65. Kf3 Nxc2 66. Ke2 Be3 67. Kd3 Nb4+
68. Kxe3 Na2 69. Kd2 Kh7 70. Bb2 Kg6 71. Kc2 Nb4+ 72. Kc3 a5 73. Ba3 Kf5 74. Bxb4
axb4+ 75. Kxb4 Ke4 76. Kc3 Ke3 77. a5 bxa5 78. b6 1-0

[Event "Druzynowe Mistrzostwa Polski - II liga"]
[Site "Dom Wczasowy VIS Jastrzebia Gora"]
[Date "1899-12-30"]
[Round "3.137"]
[White "Leczek, Weronika"]
[Black "Roclawska, Julia"]
[Result "1-0"]
[WhiteTitle "k"]
[BlackTitle "II"]
[WhiteElo "1900"]
[BlackElo "1243"]

1. d4 g6 2. c4 Bg7 3. Nc3 Nf6 4. e4 d6 5. Nf3 O-O 6. g3 e5 7. d5 Nbd7 8. Bg2 Nc5
9. Qc2 a5 10. O-O Nh5 11. Bg5 f6 12. Be3 b6 13. Nh4 f5 14. Bxc5 bxc5 15. exf5
gxf5 16. Bh3 Qg5 17. Nf3 Qg6 18. Kh1 Bd7 19. Nh4 Qg5 20. Ne2 c6 21. f4 exf4 22.
Nxf4 Nxf4 23. Rxf4 Be5 24. Nf3 Qh5 25. Nxe5 dxe5 26. Rh4 Qf7 27. Bg2 e4 28. Rd1
Qf6 29. Qd2 Rab8 30. b3 a4 31. Rh6 Qg7 32. dxc6 Bc8 33. Qd5+ Kh8 34. Rd6 axb3
35. axb3 Rxb3 36. Rd8 Ba6 37. Qxc5 Rb8 38. c7 Rc8 39. R8d7 Qf6 40. R7d6 Qe7 41.
Qd4+ Kg8 42. Rxa6 Qxc7 43. Ra7 Rcd8 44. Rxc7 Rxd4 45. Rxd4 Ra8 46. Bxe4 fxe4 47.
Rxe4 Rd8 48. Ree7 Rd1+ 49. Kg2 Kf8 50. Red7 Rxd7 51. Rxd7 h6 52. c5 Ke8 53. c6
h5 54. h4 1-0

[Event "Druzynowe Mistrzostwa Polski - II liga"]
[Site "Dom Wczasowy VIS Jastrzebia Gora"]
[Date "1899-12-30"]
[Round "4.1"]
[White "Pakleza, Zbigniew"]
[Black "Fiedorek, Michal"]
[Result "1/2-1/2"]
[WhiteTitle "GM"]
[BlackTitle "FM"]
[WhiteElo "2499"]
[BlackElo "2257"]

1. Nf3 Nf6 2. c4 e6 3. Nc3 d5 4. e3 c5 5. cxd5 Nxd5 6. Nxd5 Qxd5 7. b3 Be7 8. Bc4
Qf5 9. Bb2 Bf6 10. d4 cxd4 11. exd4 O-O 12. O-O Rd8 13. Qe2 Nc6 14. Rad1 Qf4 15.
Bc1 Qf5 16. Bb2 Qf4 17. g3 Qc7 18. Qe4 Bd7 19. Bc1 Ne7 20. Ne5 Bc6 21. Qe2 Bxe5
22. dxe5 Nf5 23. Bb2 Qb6 24. Rxd8+ Rxd8 25. Rd1 Nd4 1/2-1/2

[Event "Druzynowe Mistrzostwa Polski - II liga"]
[Site "Dom Wczasowy VIS Jastrzebia Gora"]
[Date "1899-12-30"]
[Round "4.2"]
[White "Karpus, Michal"]
[Black "Czarnota, Pawel"]
[Result "0-1"]
[WhiteTitle "FM"]
[BlackTitle "GM"]
[WhiteElo "2207"]
[BlackElo "2505"]

1. e4 c5 2. Nf3 d6 3. d4 cxd4 4. Nxd4 Nf6 5. Nc3 Nc6 6. Bg5 e6 7. Qd2 a6 8. O-O-O
Bd7 9. f4 b5 10. Bxf6 gxf6 11. Kb1 Qb6 12. Nxc6 Bxc6 13. f5 h5 14. fxe6 fxe6 15.
Qf4 Qc5 16. Qxf6 Qe5 17. Qxe5 dxe5 18. Bd3 Bc5 19. Ne2 Ke7 20. Ng1 Rag8 21. Nf3
Rxg2 22. Nxe5 Be8 23. Bf1 Rg5 24. Nf3 Rg4 25. Bh3 Rxe4 26. Rhe1 Rxe1 27. Rxe1
Rh6 28. c3 Bc6 29. Nd4 Bxd4 30. cxd4 Bd5 31. Kc2 Kd6 32. a3 Rh8 33. Kd2 a5 34.
Bf1 b4 35. axb4 axb4 36. Be2 h4 37. Rf1 Rg8 38. Rf4 Rg2 39. Ke3 Rxh2 40. Rg4 Rh1
41. Rf4 h3 42. Rh4 h2 43. Rh7 b3 44. Rh8 Kc7 45. Rh7+ Kb6 46. Kd2 Rb1 47. Rxh2
Rxb2+ 48. Kd1 Rxe2 0-1

[Event "Druzynowe Mistrzostwa Polski - II liga"]
[Site "Dom Wczasowy VIS Jastrzebia Gora"]
[Date "1899-12-30"]
[Round "4.3"]
[White "Turski, Bartlomiej"]
[Black "Pacuszka, Tomasz"]
[Result "1/2-1/2"]
[WhiteTitle "FM"]
[BlackTitle "FM"]
[WhiteElo "2380"]
[BlackElo "2195"]

1. e4 c6 2. d4 d5 3. exd5 cxd5 4. Bd3 Nc6 5. c3 Nf6 6. Bf4 Bg4 7. Qb3 Qd7 8. Nd2
e6 9. Ngf3 Bd6 10. Bxd6 Qxd6 11. O-O O-O 12. Rfe1 Ne7 13. Ne5 Bf5 14. Bxf5 Nxf5
15. Qxb7 Rab8 16. Qxa7 Rxb2 17. Nb3 Qe7 18. Qxe7 Nxe7 19. Nd3 Rc2 20. Rec1 Rxc1+
21. Rxc1 Ra8 22. Nb4 h5 23. f3 Nf5 24. Ra1 Ra3 25. Nc2 Ra4 26. Nc5 Rc4 27. a4
Rxc3 28. Ra2 Ne8 29. a5 Nc7 30. a6 e5 31. a7 exd4 32. Na6 Na8 33. Ncb4 Ne7 34.
Re2 Re3 35. Kf2 Re6 36. Rd2 Rb6 37. Rxd4 Rb7 38. Nxd5 Nxd5 39. Rxd5 Rxa7 40. Nb4
g6 1/2-1/2

[Event "Druzynowe Mistrzostwa Polski - II liga"]
[Site "Dom Wczasowy VIS Jastrzebia Gora"]
[Date "1899-12-30"]
[Round "4.4"]
[White "Krainski, Aleksander"]
[Black "Raczek, Krzysztof"]
[Result "0-1"]
[WhiteTitle "FM"]
[BlackTitle "k"]
[WhiteElo "2062"]
[BlackElo "2113"]

1. d4 Nf6 2. Nf3 g6 3. e3 Bg7 4. Be2 O-O 5. c4 d6 6. O-O Nbd7 7. Nc3 e5 8. Qc2
Re8 9. dxe5 Nxe5 10. Nxe5 Rxe5 11. e4 Bd7 12. Bf4 Re8 13. Rfe1 Bc6 14. Bf1 Nh5
15. Bd2 a5 16. Nd5 a4 17. Rad1 Nf6 18. Bc3 Nd7 19. Bxg7 Kxg7 20. Qc3+ Kg8 21.
g3 Bxd5 22. cxd5 Qf6 23. Qxf6 Nxf6 24. Rd4 Ra5 25. Re2 Nd7 26. Rc2 Nc5 27. f3
Kg7 28. Kf2 h5 29. Rd1 g5 30. Rd4 g4 31. Bg2 gxf3 32. Bxf3 Re5 33. h4 Ra8 34.
Kg2 Rae8 35. Kh3 R8e7 36. Rg2 f5 37. exf5 Rxf5 38. Rf4 Ref7 39. Be2 Kh6 40. Rd4
Rf2 41. g4 hxg4+ 42. Rdxg4 Rxg2 43. Kxg2 Rf5 44. Bf3 Re5 45. Kg3 Re1 46. Rd4 Rg1+
47. Kf2 Rb1 48. Rd2 b5 49. Ke3 b4 50. Re2 Ra1 51. b3 axb3 52. axb3 Nxb3 53. Rb2
Ra3 54. Kf4 Nc5 0-1

[Event "Druzynowe Mistrzostwa Polski - II liga"]
[Site "Dom Wczasowy VIS Jastrzebia Gora"]
[Date "1899-12-30"]
[Round "4.5"]
[White "Ratajczak, Hubert"]
[Black "Krainski, Slawomir"]
[Result "0-1"]
[WhiteTitle "I"]
[BlackTitle "k"]
[WhiteElo "2056"]
[BlackElo "1982"]

1. c4 e6 2. Nf3 d5 3. e3 Nf6 4. b3 Nbd7 5. Bb2 Bd6 6. Nc3 a6 7. cxd5 exd5 8. d4
O-O 9. Bd3 Re8 10. O-O b6 11. Nh4 g6 12. Qf3 Ne4 13. g3 Nd2 14. Qxd5 Rb8 15. Nf5
Bf8 16. Bc4 Qf6 17. Nh4 g5 18. Ng2 b5 19. Qxf7+ Qxf7 20. Bxf7+ Kxf7 21. Rfd1 Nf3+
22. Kh1 Nf6 23. Rac1 Bb7 24. Rc2 Rbd8 25. Rdc1 c5 26. dxc5 Bxc5 27. Nxb5 Bb6 28.
Bxf6 Kxf6 29. Nc3 Rd3 30. e4 Bxe4 31. Nxe4+ Rxe4 32. Rc3 Rxc3 33. Rxc3 g4 34.
Ne3 Bxe3 35. fxe3 Re6 36. Rc4 h5 37. h3 Kg5 38. hxg4 hxg4 39. Rc5+ Re5 40. Rxe5+
Nxe5 41. Kg1 Kf5 42. Kf1 Ke4 43. Ke2 Nc6 44. a3 Na5 45. b4 Nc4 46. a4 Nxe3 47.
b5 axb5 48. axb5 Nc4 49. Kd1 Kf3 0-1

[Event "Druzynowe Mistrzostwa Polski - II liga"]
[Site "Dom Wczasowy VIS Jastrzebia Gora"]
[Date "1899-12-30"]
[Round "4.6"]
[White "Goraj, Barbara"]
[Black "Majdan, Joanna"]
[Result "1/2-1/2"]
[WhiteTitle "WCM"]
[BlackTitle "WGM"]
[WhiteElo "2121"]
[BlackElo "2307"]

1. e4 c5 2. Nf3 e6 3. d4 cxd4 4. Nxd4 a6 5. Bd3 Bc5 6. Nb3 Be7 7. O-O d6 8. c4
Nd7 9. f4 Ngf6 10. Nc3 O-O 11. Kh1 Qc7 12. Qe2 b6 13. Bd2 Bb7 14. Rae1 g6 15.
Nd4 Rfe8 16. b3 Rad8 17. Nf3 Bf8 18. Bb1 b5 19. cxb5 axb5 20. Nxb5 Qb8 21. Nc3
Qa8 22. b4 Rc8 23. Rc1 d5 24. e5 Ne4 25. Nxe4 dxe4 26. Ng5 e3 27. Bxe3 Bxb4 28.
Bd3 h6 29. Nf3 Nc5 30. Bxc5 Bxc5 31. h4 h5 32. Ng5 Kg7 33. Be4 Be7 34. Bxb7 Qxb7
35. Qf3 Qb2 36. Ra1 Rc3 37. Qf2 Rc2 38. Qg3 Ra8 39. a4 Qb4 40. Qd3 Rd2 41. Qb5
Qxb5 42. axb5 Rxa1 43. Rxa1 Rb2 44. Ra7 Bxg5 45. hxg5 Rxb5 46. Kh2 Rb4 47. g3
h4 48. Kh3 hxg3 49. Kxg3 Rb3+ 50. Kg4 1/2-1/2

[Event "Druzynowe Mistrzostwa Polski - II liga"]
[Site "Dom Wczasowy VIS Jastrzebia Gora"]
[Date "1899-12-30"]
[Round "4.7"]
[White "Kucza, Karol"]
[Black "Lubczynski, Rafal"]
[Result "1-0"]
[WhiteTitle "FM"]
[BlackTitle "IM"]
[WhiteElo "2329"]
[BlackElo "2413"]

1. e4 d6 2. d4 Nf6 3. Nc3 e5 4. Nf3 Nbd7 5. Bc4 Be7 6. a4 a5 7. Ng5 O-O 8. Bxf7+
Rxf7 9. Ne6 Qe8 10. Nxc7 Qd8 11. Nxa8 b6 12. Nb5 Nxe4 13. O-O exd4 14. Qxd4 Bb7
15. Nac7 d5 16. Nxd5 Nxf2 17. Nxe7+ Qxe7 18. Bd2 Ne4 19. Rxf7 Qxf7 20. Nd6 Nxd6
21. Qxd6 Qf5 22. Re1 Qg4 23. Qe6+ 1-0

[Event "Druzynowe Mistrzostwa Polski - II liga"]
[Site "Dom Wczasowy VIS Jastrzebia Gora"]
[Date "1899-12-30"]
[Round "4.8"]
[White "Orzech, Dominik"]
[Black "Maciejczak, Jakub"]
[Result "1/2-1/2"]
[WhiteTitle "IM"]
[BlackTitle "FM"]
[WhiteElo "2325"]
[BlackElo "2374"]

1. d4 d5 2. c4 c6 3. Nf3 Nf6 4. cxd5 cxd5 5. Nc3 Nc6 6. Bf4 Bf5 7. e3 a6 8. Rc1
Rc8 9. Bd3 Bxd3 10. Qxd3 e6 11. O-O Bd6 12. Bxd6 Qxd6 13. a3 O-O 14. Rfd1 h6 15.
h3 Rfd8 16. Qe2 Qe7 17. Qd3 Qd6 18. Qe2 Qe7 19. Qd3 Qd6 20. Qe2 1/2-1/2

[Event "Druzynowe Mistrzostwa Polski - II liga"]
[Site "Dom Wczasowy VIS Jastrzebia Gora"]
[Date "1899-12-30"]
[Round "4.9"]
[White "Malovanyi, Yulian"]
[Black "Kuegel, Tobias"]
[Result "1/2-1/2"]
[WhiteTitle "FM"]
[BlackTitle "FM"]
[WhiteElo "2310"]
[BlackElo "2297"]

1. e4 e5 2. Nf3 Nf6 3. Nc3 Nc6 4. d4 exd4 5. Nxd4 Bb4 6. Nxc6 bxc6 7. Bd3 d5 8.
exd5 O-O 9. O-O Bg4 10. Ne2 cxd5 11. f3 Bh5 12. Nf4 Bg6 13. Bxg6 Bc5+ 14. Kh1
hxg6 15. g3 Re8 16. c3 Be3 17. Re1 Bxc1 18. Rxc1 Rxe1+ 19. Qxe1 Qd6 20. Qf2 c5
21. Re1 Rb8 22. Kg2 a5 23. c4 d4 24. Re2 Qb6 25. g4 Re8 26. Rxe8+ 1/2-1/2

[Event "Druzynowe Mistrzostwa Polski - II liga"]
[Site "Dom Wczasowy VIS Jastrzebia Gora"]
[Date "1899-12-30"]
[Round "4.10"]
[White "Dubinski, Mateusz"]
[Black "Janaszak, Dawid"]
[Result "0-1"]
[WhiteTitle "FM"]
[BlackTitle "FM"]
[WhiteElo "2250"]
[BlackElo "2331"]

1. d4 Nf6 2. g3 g6 3. Bg2 d5 4. Nf3 Bg7 5. c4 c6 6. O-O O-O 7. Ne5 dxc4 8. Nxc4
Be6 9. Ne5 Qb6 10. Nc3 Rd8 11. e3 Nbd7 12. Nxd7 Bxd7 13. Qe2 Bg4 14. f3 Bd7 15.
Na4 Qc7 16. e4 e5 17. dxe5 Qxe5 18. Be3 b6 19. Rad1 Be6 20. b3 Qb5 21. Qc2 c5
22. Nc3 Qe8 23. Bg5 h6 24. Bxf6 Bxf6 25. Nd5 Bxd5 26. exd5 Qe3+ 27. Kh1 Re8 28.
Rd3 Qe5 29. d6 Rad8 30. f4 Qf5 31. Qd1 Bd4 32. Bc6 Re6 33. g4 Qf6 34. g5 Qf5 35.
Bf3 h5 36. Bg2 Rexd6 37. Bh3 Qe4+ 38. Bg2 Qe7 39. Qf3 Re8 40. f5 Qxg5 41. fxg6
Qxg6 42. Qh3 h4 43. Rdf3 Rf6 44. Qxh4 Rxf3 45. Bxf3 Re5 46. Re1 Kg7 47. Bg2 Rh5
48. Qf4 Rg5 49. Qf3 b5 50. Rf1 Re5 51. Rd1 Re3 52. Qb7 Re2 53. Rf1 Rxa2 54. Bd5
Rf2 55. Rg1 Rxh2+ 56. Kxh2 Qxg1+ 57. Kh3 Qf1+ 58. Kg4 Qe2+ 59. Kf5 Qh5+ 60. Kf4
a5 61. Qd7 Qe5+ 62. Kf3 Qe3+ 63. Kg2 Qf2+ 64. Kh3 Be5 65. Qg4+ Kh6 66. Bg2 f5
67. Qf3 Qxf3+ 68. Bxf3 c4 69. bxc4 bxc4 70. Bd1 Kg5 71. Kg2 Kf4 72. Kf2 Bd4+ 73.
Ke2 Kg3 74. Ba4 f4 75. Bc6 c3 76. Ba4 f3+ 77. Kf1 Kf4 0-1

[Event "Druzynowe Mistrzostwa Polski - II liga"]
[Site "Dom Wczasowy VIS Jastrzebia Gora"]
[Date "1899-12-30"]
[Round "4.11"]
[White "Szyszylo, Rafal"]
[Black "Mazurkiewicz, Michal"]
[Result "1/2-1/2"]
[WhiteTitle "k"]
[BlackTitle "CM"]
[WhiteElo "2090"]
[BlackElo "2159"]

1. e4 c6 2. d4 d5 3. e5 c5 4. dxc5 Nc6 5. a3 Nxe5 6. b4 Nf6 7. Bb2 Qc7 8. Bb5+
Bd7 9. Bxd7+ Nexd7 10. Nf3 b6 11. cxb6 Nxb6 12. O-O e6 13. Nbd2 Bd6 14. c4 dxc4
15. Rc1 O-O 16. Qe2 Rac8 17. Ne5 Qb8 18. Ndxc4 Nxc4 19. Rxc4 Rxc4 20. Nxc4 Bxh2+
21. Kh1 Bc7 22. Bxf6 gxf6 23. Rc1 Qb5 24. g3 Rd8 25. Kg1 Rd4 26. Qc2 Qg5 27. Qc3
Rd7 28. Ne3 Bb6 29. Re1 h5 30. Nc4 Bd4 31. Qf3 Rd5 32. Ne3 Re5 33. Kf1 Kg7 34.
a4 Bc3 35. Rb1 Bd4 36. Rb3 a6 37. Rd3 Ba7 38. Rb3 Bb6 39. Rc3 Bd4 40. Rd3 Bb6
41. Rb3 h4 42. gxh4 Qxh4 43. Qg4+ Qxg4 44. Nxg4 Rf5 45. Ke2 Rf4 46. Ne3 f5 47.
f3 Rh4 48. Nc2 Rh2+ 49. Kd1 Kf6 50. Rc3 Ke5 51. Rc6 Bd8 52. Rc8 Bg5 53. b5 axb5
54. axb5 Rh1+ 55. Ke2 Rb1 56. Rb8 Kd5 57. Rb7 f6 58. Rb8 Bf4 59. Rb7 Rb2 60. Kd3
Rb3+ 61. Ke2 Kc5 62. Re7 e5 63. Re6 Bg5 64. f4 Kd5 65. Rb6 Bxf4 66. Rxf6 Ke4 67.
b6 Bg5 68. Rc6 Bd8 69. Rc4+ Kd5 70. Rb4 Rxb4 71. Nxb4+ Kd6 72. b7 Bc7 73. Na6
e4 74. b8=Q Bxb8 75. Nxb8 f4 76. Na6 Kd5 77. Nb4+ Kc5 78. Nd3+ exd3+ 79. Kxd3
Kd5 80. Ke2 Ke4 81. Kf2 f3 82. Kf1 Ke3 83. Ke1 f2+ 84. Kf1 Kf3 1/2-1/2

[Event "Druzynowe Mistrzostwa Polski - II liga"]
[Site "Dom Wczasowy VIS Jastrzebia Gora"]
[Date "1899-12-30"]
[Round "4.12"]
[White "Krupa, Monika"]
[Black "Andrejczuk, Beata"]
[Result "1/2-1/2"]
[WhiteTitle "WGM"]
[BlackTitle "WFM"]
[WhiteElo "2140"]
[BlackElo "2016"]

1. e4 d5 2. exd5 Qxd5 3. Nc3 Qa5 4. d4 Nf6 5. Nf3 Bf5 6. Bc4 e6 7. Bd2 c6 8. Nd5
Qd8 9. Nxf6+ gxf6 10. Qe2 Qc7 11. O-O-O Nd7 12. Nh4 Bg6 13. f4 f5 14. g4 O-O-O
15. g5 Nb6 16. Bd3 Nd5 17. Ng2 h6 18. h4 h5 19. a3 Bg7 20. c3 Rd7 21. Qf2 Rhd8
22. Ne1 Bf8 23. Kb1 Qb6 24. Nc2 c5 25. Bc4 cxd4 26. cxd4 e5 27. Qe1 Nxf4 28. Ba5
Qc6 29. Bxd8 Kxd8 30. Qf1 Qc7 31. Bb5 Rd5 32. dxe5 Qxe5 33. Re1 Qd6 34. Re8+ Kc7
35. Nb4 Rd4 36. Qc1+ Kb6 37. Be2 Nxe2 38. Rxe2 f4+ 39. Ka2 f3 40. Re3 Be4 41.
Rb3 Ka5 42. Qc3 Ka4 43. Nc2 Bxc2 44. Qxc2 Qd5 45. Rf1 Rd2 46. Qc3 Bxa3 47. Qxd2
Qxd2 48. Rxa3+ Kb5 49. Raxf3 Qh2 50. Rf5+ Ka6 51. R1f4 Qh1 52. Rd4 Qe1 53. Ra4+
Kb6 54. Rf6+ Kc5 55. Rxa7 Qxh4 56. Ra5+ Kb4 57. Rff5 Qc4+ 58. Ka1 h4 59. Ra3 Qc1+
60. Ka2 Qc4+ 61. Ka1 Qc1+ 62. Ka2 1/2-1/2

[Event "Druzynowe Mistrzostwa Polski - II liga"]
[Site "Dom Wczasowy VIS Jastrzebia Gora"]
[Date "1899-12-30"]
[Round "4.13"]
[White "Mondrzycki, Bartlomiej"]
[Black "Marczuk, Dominik"]
[Result "0-1"]
[WhiteTitle "CM"]
[BlackTitle "FM"]
[WhiteElo "2220"]
[BlackElo "2281"]

1. d4 d5 2. c4 e6 3. Nc3 Nf6 4. cxd5 exd5 5. Bg5 Be7 6. e3 c6 7. Bd3 Nbd7 8. Nge2
O-O 9. Qc2 Re8 10. O-O Nf8 11. f3 Ng6 12. Rad1 h6 13. Bxf6 Bxf6 14. Bxg6 fxg6
15. e4 dxe4 16. fxe4 Bg5 17. h3 Be6 18. d5 cxd5 19. exd5 Qb6+ 20. Kh1 Bf5 21.
Qb3 Qxb3 22. axb3 Bc2 23. Rd4 Bf6 24. Rb4 Bd3 25. Rf2 b5 26. Nf4 a5 27. Rxb5 Bxb5
28. Nxb5 Rab8 29. Nd6 Re1+ 30. Kh2 g5 31. Nd3 Re3 32. Rxf6 gxf6 33. Nc5 Rd8 34.
Nde4 Rxe4 35. Nxe4 f5 36. Nc3 Kf7 37. Kg3 Rb8 0-1

[Event "Druzynowe Mistrzostwa Polski - II liga"]
[Site "Dom Wczasowy VIS Jastrzebia Gora"]
[Date "1899-12-30"]
[Round "4.14"]
[White "Chmiel, Marcin"]
[Black "Bronowicki, Mateusz"]
[Result "1-0"]
[WhiteTitle "k+"]
[BlackTitle "FM"]
[WhiteElo "2188"]
[BlackElo "2189"]

1. d4 Nf6 2. c4 e5 3. dxe5 Ng4 4. e4 Nxe5 5. f4 Nec6 6. Nc3 Bb4 7. Be3 Bxc3+ 8.
bxc3 O-O 9. Bd3 d6 10. Qh5 Nd7 11. Nf3 Nf6 12. Qh4 Re8 13. O-O Bf5 14. exf5 Rxe3
15. Rad1 Ne4 16. Ng5 h6 17. Bxe4 Rxe4 18. Qh5 hxg5 19. fxg5 Ne5 20. Rd4 Rxd4 21.
cxd4 Nd7 22. Re1 Nf8 23. f6 gxf6 24. Rf1 Qe7 25. gxf6 Qe3+ 26. Kh1 Re8 27. h3
Ng6 28. Kh2 Qd2 29. Rf3 Re2 30. Qg4 Rxg2+ 31. Qxg2 Qxg2+ 32. Kxg2 Nh4+ 33. Kg3
Nxf3 34. Kxf3 Kh7 35. d5 Kg6 36. h4 Kh5 37. Kg3 Kg6 38. Kg4 Kxf6 39. h5 Kg7 40.
Kg5 Kh7 41. Kf6 c5 42. a4 b6 43. Kxf7 a6 44. Ke6 b5 45. axb5 axb5 46. cxb5 c4
47. b6 c3 48. b7 c2 49. b8=Q c1=Q 50. Qxd6 Qh6+ 51. Kd7 Qxh5 52. Qe7+ Kh6 53.
Qf6+ Kh7 54. d6 Qb5+ 55. Ke7 Qc5 56. Qh4+ Kg7 57. Qg4+ Kh8 58. Qe4 Qg5+ 59. Ke6
Qg6+ 60. Kd5 Qf7+ 61. Kc6 Qa2 62. Qe5+ Kh7 63. d7 Qa6+ 64. Kd5 Qb7+ 65. Ke6 Qb3+
66. Kf6 Qb6+ 67. Kf7 Qb3+ 68. Qe6 Qd3 69. d8=Q 1-0

[Event "Druzynowe Mistrzostwa Polski - II liga"]
[Site "Dom Wczasowy VIS Jastrzebia Gora"]
[Date "1899-12-30"]
[Round "4.15"]
[White "Piotrowski, Przemyslaw"]
[Black "Gbyl, Andrzej"]
[Result "1-0"]
[WhiteTitle "FM"]
[BlackTitle "k+"]
[WhiteElo "2219"]
[BlackElo "2144"]

1. Nf3 Nf6 2. g3 d5 3. Bg2 c5 4. O-O Nc6 5. c4 d4 6. d3 e5 7. e3 Be7 8. exd4 exd4
9. Bf4 O-O 10. Ne5 Nxe5 11. Bxe5 Bd6 12. Bxf6 Qxf6 13. Nd2 Rb8 14. Re1 Bf5 15.
Be4 Be6 16. f4 g6 17. Qf3 b6 18. Bd5 Bf5 19. Ne4 Bxe4 20. dxe4 Bc7 21. e5 Qg7
22. Qg4 Kh8 23. Qd7 f5 24. e6 Qxd7 25. exd7 Bd8 26. Re8 Kg7 27. Rae1 Bf6 28. Kf1
Rd8 29. Bc6 Kf7 30. R1e6 Kg7 31. Ke2 Kf7 32. Kd3 Kg7 33. a3 Kf7 34. b4 Kg7 35.
Ba4 Kf7 36. bxc5 bxc5 37. Ra6 Ra8 38. Rc6 Be7 39. Rxa8 Rxa8 40. Rc8 1-0

[Event "Druzynowe Mistrzostwa Polski - II liga"]
[Site "Dom Wczasowy VIS Jastrzebia Gora"]
[Date "1899-12-30"]
[Round "4.16"]
[White "Golda, Sebastian"]
[Black "Suliborski, Jakub"]
[Result "0-1"]
[WhiteTitle "k"]
[BlackTitle "k"]
[WhiteElo "2105"]
[BlackElo "2096"]

1. e4 g6 2. d4 Bg7 3. Nc3 a6 4. a4 d6 5. Nf3 Nf6 6. Bc4 Nxe4 7. Nxe4 d5 8. Bd3
dxe4 9. Bxe4 O-O 10. O-O Nd7 11. c3 c5 12. Be3 Qc7 13. Qd2 cxd4 14. Bxd4 e5 15.
Be3 Nf6 16. Bc2 Rd8 17. Qc1 Be6 18. Bg5 Bd5 19. Bd1 Re8 20. Re1 Ne4 21. Bh6 Qc5
22. Be3 Qc6 23. Bh6 Bf6 24. Bc2 Nd6 25. Bd1 Nf5 26. Bg5 e4 27. Nd4 Nxd4 28. Bxf6
Qxf6 29. cxd4 Qxd4 30. Ra3 Rac8 31. Qg5 Qxb2 32. Rh3 Qe5 33. Qh6 Qg7 34. Qg5 Re5
35. Qe3 b5 36. axb5 axb5 37. Qb6 Bc4 38. Rhe3 Rce8 39. Bc2 R5e6 40. Qc5 Qb2 41.
Bb1 Bd3 42. Qc1 Qxc1 43. Rxc1 Bc4 44. Rce1 f5 45. g3 Kf7 46. Bc2 Kf6 47. Bb3 Rc8
48. f3 Bxb3 49. Rxb3 exf3 50. Rxe6+ Kxe6 51. Rxb5 Rc1+ 52. Kf2 Rc2+ 53. Kxf3 Rxh2
54. Rb6+ Ke5 55. Rb8 Kf6 56. Rb4 Kg5 57. Ra4 h5 58. Ra6 h4 59. Ra4 Rh3 0-1

[Event "Druzynowe Mistrzostwa Polski - II liga"]
[Site "Dom Wczasowy VIS Jastrzebia Gora"]
[Date "1899-12-30"]
[Round "4.17"]
[White "Stelmaszuk, Maciej"]
[Black "Owoc, Jakub"]
[Result "1/2-1/2"]
[WhiteTitle "I+"]
[BlackTitle "I"]
[WhiteElo "1992"]
[BlackElo "1738"]

1. d4 Nf6 2. c4 g6 3. Nc3 Bg7 4. Nf3 d5 5. Bg5 Ne4 6. cxd5 Nxg5 7. Nxg5 e6 8. Nf3
exd5 9. e3 a5 10. Bd3 O-O 11. h3 c6 12. O-O Be6 13. Rc1 b5 14. a4 b4 15. Ne2 Qd6
16. Nd2 Nd7 17. Nb3 Rfc8 18. Qd2 c5 19. dxc5 Nxc5 20. Nxc5 Rxc5 21. Rxc5 Qxc5
22. Rc1 Qb6 23. Bb5 Rd8 24. Rc6 Qb8 25. Nd4 Rc8 26. b3 Bxd4 27. Qxd4 Rxc6 28.
Bxc6 Qd6 29. Bb7 Qd7 30. Ba6 Qc6 31. Bd3 Qc1+ 32. Kh2 Qd1 33. f4 Qxb3 34. f5 gxf5
35. Qf6 h6 36. Qxh6 Qc3 37. Qg5+ Qg7 38. Qd8+ Kh7 39. Qxa5 Qe5+ 40. Kh1 Qxe3 41.
Qb5 Kg7 42. a5 f4 43. Be2 b3 44. a6 Bf5 45. a7 Qxa7 46. Qxb3 Qe3 47. Qxd5 Kf6
48. Qd8+ Kg7 49. Qg5+ Bg6 50. Bf3 f6 51. Qa5 Kh6 52. Kh2 Qe5 53. Qd8 Kg7 54. Qd7+
Bf7 55. Qa7 Qe1 56. Qd4 Qg3+ 57. Kh1 Qe1+ 58. Kh2 Qg3+ 59. Kh1 Qe1+ 60. Qg1 Qg3
61. Qa7 Qe1+ 62. Kh2 1/2-1/2